| 000 | 00733nam a2200241 4500 | ||
|---|---|---|---|
| 003 | MX-MxINE | ||
| 005 | 20260601193904.0 | ||
| 008 | 260508b2003 fi a|||| |||| 00| 0 fi d | ||
| 020 | _a952915927 | ||
| 040 |
_aICI _bspa _cICI _erda |
||
| 041 | _afi | ||
| 050 |
_aNK1455.F5 _bT35 2003 |
||
| 100 | 1 |
_aKlemettinem, Maila _eeditor _934308 |
|
| 245 |
_aTaidekäsityöläiset TAIKO ry 20 v. _cMaila Klemettinem, |
||
| 264 |
_aFinlandia : _bTaidekäsityöläiset TAIKO ry, _c2003 |
||
| 300 |
_a89 páginas : _bilustraciones |
||
| 336 |
_2rdacontent _atexto |
||
| 337 |
_2rdamedia _asin medio |
||
| 338 |
_2rdacarrier _avolumen |
||
| 650 |
_aDecorative arts - Finland. _934309 |
||
| 650 |
_aFinnish designers. _934310 |
||
| 942 |
_2lcc _n1 _cB |
||
| 999 |
_c22346 _d22346 |
||